书目信息 |
| 题名: |
大明王朝
|
|
| 作者: | 王新龙 编著 | |
| 分册: | 下册 | |
| 出版信息: | 北京 中国戏剧出版社 2009.08 |
|
| 页数: | 4册 | |
| 开本: | 25cm | |
| 丛书名: | ||
| 单 册: | ||
| 中图分类: | K248.09 | |
| 科图分类: | ||
| 主题词: | 历史 , 明代 , 明代--历史--通俗读物 | |
| 电子资源: | ||
| ISBN: | 978-7-104-03045-4 | |
| 000 | 00937nam0 2200313 450 | |
| 001 | 0100140557 | |
| 005 | 20141020221324.0 | |
| 010 | @a978-7-104-03045-4@dCNY29.80 | |
| 100 | @a20091124d2009 em y0chiy50 ea | |
| 101 | 0 | @achi |
| 101 | 11 | @achi |
| 102 | @aCN@b110000 | |
| 105 | @aa z 000yd | |
| 106 | @ar | |
| 200 | 1 | @a大明王朝@Ada ming wang chao@9da ming wang chao@h下册@b专著@e图文版@f王新龙编著@Fwang xin long bian zhu |
| 210 | @a北京@c中国戏剧出版社@d2009.08 | |
| 215 | @a4册@d25cm | |
| 300 | @a文化百科系列 | |
| 330 | @a本书介绍明代历史,盘根错节的政治较量,惊心动魄的财权搏杀,大明帝国的未来命运及其对于中国人集体性格的塑造都在书中展示。 | |
| 517 | 1 | @a图文版 |
| 540 | @a大明王朝 | |
| 606 | 0 | @a历史 |
| 606 | 0 | @a明代 |
| 606 | 0 | @a明代@x历史@j通俗读物 |
| 690 | @aK248.09@v5 | |
| 701 | 0 | @a王新龙@Awang xin long@4编著 |
| 801 | @aCN | |
| 901 | @a001 | |
| 905 | @b1103449-51@dK248.09@eW393:2@f3@a241430 | |
| 大明王朝.下册:图文版/王新龙编著.-北京:中国戏剧出版社,2009.08 |
| 4册;25cm |
| 文化百科系列 |
| ISBN 978-7-104-03045-4:CNY29.80 |
| 本书介绍明代历史,盘根错节的政治较量,惊心动魄的财权搏杀,大明帝国的未来命运及其对于中国人集体性格的塑造都在书中展示。 |
| ● |
| 相关链接 |
|
|
|
正题名:大明王朝
索取号:K248.09/W393:2
 
预约/预借
| 序号 | 登录号 | 条形码 | 馆藏地/架位号 | 状态 | 备注 |
| 1 | 1103449 | 211034496 | 社科库309/400A自科库 8排1列6层/ [索取号:K248.09/W393:2] | 在馆 | |
| 2 | 1103450 | 211034503 | 社科库309/ [索取号:K248.09/W393:2] | 在馆 | |
| 3 | 1103451 | 211034512 | 社科库309/ [索取号:K248.09/W393:2] | 在馆 |